BSOP header

Pacto de sangre : (Record no. 32304)

MARC details
000 -LEADER
fixed length control field 00840nam a2200193 4500
008 - FIXED-LENGTH DATA ELEMENTS--GENERAL INFORMATION
fixed length control field 080924s2003 ph af b f001 0 eng
020 ## - INTERNATIONAL STANDARD BOOK NUMBER
International Standard Book Number 9715381723 :PhpP2,000.00
090 ## - LOCALLY ASSIGNED LC-TYPE CALL NUMBER (OCLC); LOCAL CALL NUMBER (OCLC)
Classification number (OCLC) (R) ; Classification number, CALL (RLIN) (NR) DS674
Local cutter number (OCLC) ; Book number/undivided call number, CALL (RLIN) P12a
-- 2003
245 00 - TITLE STATEMENT
Title Pacto de sangre :
Remainder of title Spanish legacy in Filipinas /
Statement of responsibility, etc edited by Virgilio S. Almario.
246 30 - VARYING FORM OF TITLE
Title proper/short title Spanish legacy in Filipinas
260 ## - PUBLICATION, DISTRIBUTION, ETC. (IMPRINT)
Place of publication, distribution, etc Ermita, Manila :
Name of publisher, distributor, etc 2003 Philippine-Spanish Friendship Day Committee,
Date of publication, distribution, etc c2003.
300 ## - PHYSICAL DESCRIPTION
Extent 189 p., [4] p. of plates :
Other physical details ill. (some col.) ;
Dimensions 26 cm.
504 ## - BIBLIOGRAPHY, ETC. NOTE
Bibliography, etc Includes bibliographical references (p. 182-183) and index.
651 #4 - SUBJECT ADDED ENTRY--GEOGRAPHIC NAME
Geographic name Philippines
General subdivision History
Chronological subdivision 1521-1898
General subdivision Pictorial works.
951 ## - EQUIVALENCE OR CROSS-REFERENCE-GEOGRAPHIC NAME/AREA NAME [OBSOLETE] [CAN/MARC only]
General subdivision 00036943
700 1# - ADDED ENTRY--PERSONAL NAME
Personal name Almario, Virgilio S.
710 22 - ADDED ENTRY--CORPORATE NAME
Corporate name or jurisdiction name as entry element 2003 Philippine-Spanish Friendship Day Committee.
951 ## - EQUIVALENCE OR CROSS-REFERENCE-GEOGRAPHIC NAME/AREA NAME [OBSOLETE] [CAN/MARC only]
-- 32332
-- FIL-REFDS674/P12a/2003
-- 080924173129107
-- 2000-12-21
Holdings
Withdrawn status Lost status Damaged status Not for loan Home library Current library Date acquired Accession number Shelving control number Total Checkouts Full call number Barcode Date last seen Price effective from Koha item type
        BSOP Library BSOP Library 12/21/2000 32332 127   FIL-REFDS674/P12a/2003 00036943 02/23/2013 02/23/2013 Books
BSOP

Biblical Seminary of the Philippines
  All rights Reserved
  © 2024

CONTACT INFORMATION

Biblical Seminary of the Philippines,
  77-B Karuhatan Road, Valenzuela City,
  PHILIPPINES 1441
  Phone: +632 8292-6795 / 8292-6798
  Fax : +632 8292-6675
  Email: library@bsop.edu.ph